Obálka Náhled e-knihy:
PDF
Pro půjčování e-knih musíte být přihlášeni.
Jak si půjčit online?

Břeclav - Pohansko. XI., Počátky raně středověkého osídlení dolního Podyjí (600-800 AD) : nové archeologické prameny /

Kniha shrnuje výsledky bádání, které na příkladu raně středověké Moravy popisují proces formování raně středověké slovanské společnosti ve střední Evropě.

Uloženo v:
Série:Spisy Filozofické fakulty Masarykovy univerzity, část 540
Hlavní autor: Balcárková, Adéla
Další autoři: Dresler, Petr, 1978- (Autor), Macháček, Jiří, 1971- (Autor), Přichystalová, Renáta, 1973- (Autor), Prišťáková, Michaela (Autor)
Médium: E-kniha
Jazyk:Czech
Vydáno: Brno : Masarykova univerzita, 2025
Vydání:Vydání první
Edice:Spisy Filozofické fakulty Masarykovy univerzity = Opera Facultatis philosophicae Universitatis Masarykianae, 540
Témata:
Příbuzné jednotky:Z cyklu:: Spisy Filozofické fakulty Masarykovy univerzity
Tagy:
Žádné tagy
LEADER 03387nam a22006977i 4500
001 312959
003 CZ PrSKC
005 20260601215731.0
007 ta
008 260420s2025 xr abcef c 000 0 cze d
020 |a 9788028008185  |q (vázáno) :  |c Kč 950.00 
040 |a BOB001  |b cze  |d KLG001  |e rda 
041 0 |a cze  |b eng 
043 |a e-xr---  |b e-xr-mr  |2 czenas 
045 |a k-l- 
072 7 |a 902  |x Archeologie  |2 Konspekt 
080 |a 902.2  |2 MRF 
080 |a 902:904  |2 MRF 
080 |a 903.2  |2 MRF 
080 |a 911.37  |2 MRF 
080 |a 902.6  |2 MRF 
080 |a 94(437.32-13)  |2 MRF 
080 |a (437.322)  |2 MRF 
080 |a (048.8:082)  |2 MRF 
080 |a (083.82)  |2 MRF 
100 1 |a Balcárková, Adéla  |7 mzk2014819764 
245 1 0 |a Břeclav - Pohansko.  |n XI.,  |p Počátky raně středověkého osídlení dolního Podyjí (600-800 AD) : nové archeologické prameny /  |c Adéla Balcárková, Petr Dresler, Jiří Macháček, Renáta Přichystalová, Michaela Prišťáková 
246 3 0 |a Počátky raně středověkého osídlení dolního Podyjí (600-800 AD) 
250 |a Vydání první 
264 1 |a Brno :  |b Masarykova univerzita,  |c 2025 
300 |a 734 stran :  |b ilustrace (některé barevné), portréty, mapy, plány ;  |c 31 cm 
336 |a text  |b txt  |2 rdacontent 
336 |a statický obraz  |b sti  |2 rdacontent 
337 |a bez média  |b n  |2 rdamedia 
338 |a svazek  |b nc  |2 rdacarrier 
490 1 |a Spisy Filozofické fakulty Masarykovy univerzity =  |a Opera Facultatis philosophicae Universitatis Masarykianae,  |x 1211-3034 ;  |v 540 
500 |a 300 výtisků 
504 |a Obsahuje bibliografii a bibliografické odkazy 
520 2 |a Kniha shrnuje výsledky bádání, které na příkladu raně středověké Moravy popisují proces formování raně středověké slovanské společnosti ve střední Evropě. 
546 |a Anglické resumé 
648 7 |a 7.-8. století  |7 ch757155  |2 czenas 
650 0 7 |a archeologické výzkumy  |7 ph118577  |z Česko  |2 czenas 
650 0 7 |a archeologické nálezy  |7 ph137683  |z Česko  |2 czenas 
650 0 7 |a sídliště (archeologie)  |7 ph137685  |z Česko  |2 czenas 
650 0 7 |a archeologické datování  |7 ph138543  |2 czenas 
651 7 |a Morava jižní (Česko)  |7 ge130073  |x dějiny  |y 7.-8. století  |2 czenas 
651 7 |a Pohansko (Česko : archeologická lokalita)  |7 ge128579  |2 czenas 
655 7 |a kolektivní monografie  |7 fd501537  |2 czenas 
655 7 |a katalogy  |7 fd132535  |2 czenas 
700 1 |a Dresler, Petr,  |d 1978-  |7 xx0109768  |4 aut 
700 1 |a Macháček, Jiří,  |d 1971-  |7 jn20010906013  |4 aut 
700 1 |a Přichystalová, Renáta,  |d 1973-  |7 jx20100716026  |4 aut 
700 1 |a Prišťáková, Michaela  |7 mzk2016937163  |4 aut 
710 2 |a Masarykova univerzita  |7 kn20010709056  |4 pbl 
810 2 |a Masarykova univerzita.  |b Filozofická fakulta.  |t Spisy 
900 |a KLG001  |b 17 
044 |a xr 
787 0 8 |g 540  |i Z cyklu:  |t Spisy Filozofické fakulty Masarykovy univerzity 
910 |a RBIT002 
998 |d 426552  |a https://core.palmknihy.cz/api/books/426552/cover?tekcnu  |b https://core.palmknihy.cz/api/books/426552/cover/400?tekcnu  |c https://core.palmknihy.cz/api/books/426552/cover/50?tekcnu  |e 2999-12-30  |g 734  |i 9788028008185  |k https://core.palmknihy.cz/api/books/426552/preview.pdf  |l   |q 49  |r 1  |s https://www.palmknihy.cz/kniha/426552  |t ebook  |y 2025  |z 0  |v Spisy Filozofické fakulty Masarykovy univerzity  |w 540 
999 |d 312957